Gabon Senegal... or both - Statistics

General Stats
  • This quiz has been taken 13 times
    8 since last reset
  • The average score is 9 of 10
Answer Stats
Question Answer % Correct
Which borders a country with the word "Guinea" in it's name Both
100%
Which speaks French Both
100%
Which is in Central Africa Gabon
100%
Which hosts 80% of Africa's gorilla population Gabon
100%
Which has a higher population Senegal
100%
Which speaks Wolof Senegal
100%
Which is larger Gabon
80%
Which is bigger than Uganda Gabon
80%
Which borders a bigger country Senegal
80%
Which was in the Netflix show "Jurassic world Chaos Theory " Senegal
60%
No matching quizzes found
Score Distribution
Percent of People with Each Score
Percentile by Number Answered
Your Score History
You have not taken this quiz since the last reset